=LDR 00000nam 2200000 4500 =001 001064 =005 20250713090815 =035 ##$$a 0010-0725000945 =007 ta =008 250713################a##########0#ind## =020 ##$$a 978-623-307-160-4 =082 ##$$a 398.209 598 =084 ##$$a 398.209 598 SAF k =100 #$$a Vera Safitri =245 1#$$a Kuki bangun pagi /$c Vera Safitri =250 ##$$a Cetakan Kedua =260 ##$$a Rawamangun :$b Badan Pengembangan dan Pembinaan Bahasa,$c 2022 =300 ##$$a 28 hlm. : $b Ilus. ; $c 29,7 cm. =650 #4$$a Cerita Anak - Indonesia =650 #4$$a Literasi - Bahan bacaan =856 ##$$a TBM AS SUHADA